Bilecik Bilecik Bilecik Bilecik Bilecik

1484 (Hicri 888) tarihli Kayseri tapu-tahrir defteri/ (Record no. 29077)

MARC details
000 -BAŞLIK
Sabit Uzunluktaki Kontrol Alanı 01494nam a22004097a 4500
001 - KONTROL NUMARASI
Control Dosyası 0029155
003 - KONTROL NUMARASI KİMLİĞİ
Kontrol Alanı KOHA_MİRAKIL
005 - EN SON İŞLEM TARİHİ ve ZAMANI
Kontrol Alanı 20260207002652.0
007 - FİZİKSEL TANIM SABİT ALAN - GENEL BİLGİ
Sabit uzunluklu kontrol alanı ta
008 - SABİT UZUNLUKTAKİ VERİ ÖGELERİ - GENEL BİLGİ
Sabit Alan 110404b2009 tu a|||gr||||#||||0|tur |
020 ## - ISBN - ULUSLARARASI STANDART KİTAP NUMARASI
Isbn 9789758046614
040 ## - KATALOGLAMA KAYNAĞI
Özgün Kataloglama Kurumu TR-BiSEU
Kataloglama Dili tur
Çeviri Kurumu TR-BiSEU
Açıklama Kuralları rda
041 0# - DİL KODU
Metin ya da ses kaydının dil kodu tur
044 ## - YAYINLAYAN/ÜRETEN KURULUŞUN ÜLKE KODU
ISO country code tu
050 ## - SINIFLAMA ve YER NUMARASI
Sınıflama Numarası HD1289.K39
Yer Numarası I53 2009
100 1# - KİŞİ ADI
Yazar Adı (Kişi adı) İnbaşı, Mehmet.
245 1# - ESER ADI BİLDİRİMİ
Başlık 1484 (Hicri 888) tarihli Kayseri tapu-tahrir defteri/
Sorumluluk Bildirimi Mehmet İnbaşı ; Mehmet İnbaşı.
264 #1 - ÜRERİM, YAYIN, DAĞITIM ve TELİF BİLDİRİMİ
Yayın yeri Kayseri :
Yayınlayan Kayseri Büyükşehir Belediyesi
Yayın tarihi 2009
300 ## - FİZİKSEL TANIMLAMA
Sayfa, Cilt vb. XV, 177 sayfa :
Diğer fiziki detaylar tıpkıbs. ;
Boyutları 21 cm.
336 ## - İÇERİK TÜRÜ
Content type term metin
Content type code txt
Source rdacontent
337 ## - MEDYA TÜRÜ
Media type term aracısız
Media type code n
Source rdamedia
338 ## - TAŞIYICI TÜRÜ
Carrier type term cilt
Carrier type code nc
Source rdacarrier
490 1# - DİZİ BİLDİRİMİ
Dizi Bildirimi Kayseri Büyükşehir Belediyesi Kültür yayınları ;
Cilt Numarası yayın no.
490 1# - DİZİ BİLDİRİMİ
Dizi Bildirimi 61
500 ## - GENEL NOT
Genel Not Eserde osmanlıca metin mevcuttur.
650 #0 - KONU BAŞLIĞI EK GİRİŞ - KONU TERİMİ
Konusal terim veya coğrafi ad Kadastro--Türkiye--Kayseri.
9 (RLIN) 57698
650 #0 - KONU BAŞLIĞI EK GİRİŞ - KONU TERİMİ
Konusal terim veya coğrafi ad Toprak mülkiyeti--Türkiye--Kayseri.
9 (RLIN) 57699
650 #0 - KONU BAŞLIĞI EK GİRİŞ - KONU TERİMİ
Konusal terim veya coğrafi ad Gayrimenkul vergileri--Türkiye--Kayseri.
9 (RLIN) 57700
650 #0 - KONU BAŞLIĞI EK GİRİŞ - KONU TERİMİ
Konusal terim veya coğrafi ad Kayseri (Türkiye)--Tarih--Kaynaklar.
9 (RLIN) 57701
650 #0 - KONU BAŞLIĞI EK GİRİŞ - KONU TERİMİ
Konusal terim veya coğrafi ad Cadastre--Turkey--Kayseri.
9 (RLIN) 57702
650 #0 - KONU BAŞLIĞI EK GİRİŞ - KONU TERİMİ
Konusal terim veya coğrafi ad Land Ownership--Turkey--Kayseri.
9 (RLIN) 57703
650 #0 - KONU BAŞLIĞI EK GİRİŞ - KONU TERİMİ
Konusal terim veya coğrafi ad Real estate taxes--Turkey--Kayseri.
9 (RLIN) 57704
650 #0 - KONU BAŞLIĞI EK GİRİŞ - KONU TERİMİ
Konusal terim veya coğrafi ad Kayseri (Turkey)--History--Sources.
9 (RLIN) 57705
830 1# - SERİ EK GİRİŞİ - TEKBİÇİM ESER ADI
Tekbiçim Başlık Kayseri Büyükşehir Belediyesi Kültür yayınları ;
Volume number/sequential designation yayın no.
9 (RLIN) 57707
830 1# - SERİ EK GİRİŞİ - TEKBİÇİM ESER ADI
Tekbiçim Başlık 61
9 (RLIN) 6986
942 ## - EK GİRİŞ ÖGELERİ (KOHA)
Source of classification or shelving scheme Library of Congress Classification
Koha item type Book
Holdings
Materyal Türü Kalıcı Konum Mevcut Konum Raf Yeri Sınıflandırma Kaynağı Edinim Bilgisi Ana Konular Alt Konular Yer Numarası Demirbaş Numarası Fatura Tarihi Geri Çekilme Durumu Kayıp Durumu Hasarlı Durumu Kredi için değil Kayıt Tarih Toplam Ödünçverme Son Görülme Tarihi Son Kontrol Tarihi Genel / Bağış Notu
Book Prof. Dr. Azmi Özcan Kütüphanesi Prof. Dr. Azmi Özcan Kütüphanesi Uluğbey Salonu Library of Congress Classification Bağış SOSYAL BİLİMLER Endüstriler, Arazi Kullanımı, İşgücü HD1289.K39 I53 2009 0029155 02/02/2026         04/04/2011   05/12/2024 05/12/2024 Genel Bağış